Thử nghiệm sản xuất giống vọp (Geloina coaxans) : Luận văn tốt nghiệp cao học. Chuyên ngành: Nuôi trồng thủy sản

Nghiên cứu về sinh học, sinh sản và chu kì sinh sản của vọp; thử nghiệm các biện pháp kích thích sinh sản và nuôi vỗ thành thục

সংরক্ষণ করুন:
গ্রন্থ-পঞ্জীর বিবরন
প্রধান লেখক: Quách, Kha Ly
বিন্যাস: গ্রন্থ
ভাষা:Undetermined
প্রকাশিত: Cần Thơ Trường Đại học Cần Thơ 2010
বিষয়গুলি:
ট্যাগগুলো: ট্যাগ যুক্ত করুন
কোনো ট্যাগ নেই, প্রথমজন হিসাবে ট্যাগ করুন!
Thư viện lưu trữ: Trung tâm Học liệu Trường Đại học Cần Thơ
LEADER 00965nam a2200229Ia 4500
001 CTU_201225
008 210402s9999 xx 000 0 und d
082 |a 639.484 
082 |b L600 
088 |a 60620301 
100 |a Quách, Kha Ly 
245 0 |a Thử nghiệm sản xuất giống vọp (Geloina coaxans) : 
245 0 |b Luận văn tốt nghiệp cao học. Chuyên ngành: Nuôi trồng thủy sản 
245 0 |c Quách Kha Ly ; Ngô Thị Thu Thảo (Cán bộ hướng dẫn) 
260 |a Cần Thơ 
260 |b Trường Đại học Cần Thơ 
260 |c 2010 
520 |a Nghiên cứu về sinh học, sinh sản và chu kì sinh sản của vọp; thử nghiệm các biện pháp kích thích sinh sản và nuôi vỗ thành thục 
650 |a Nuôi vọp,Oysters 
904 |i Nguyên 
910 |a Khoa 
980 |a Trung tâm Học liệu Trường Đại học Cần Thơ